[Event "BCF-chT4 0708 (4NCL)"]
[Site "England"]
[Date "2008.02.10"]
[Round "6.2"]
[White "Mordue, A Tyson"]
[Black "Buchanan, David"]
[Result "1/2-1/2"]
[WhiteElo "2302"]
[BlackElo "2090"]
[PlyCount "42"]
[EventDate "2007.09.15"]
[EventType "team-swiss"]
[EventRounds "11"]
[EventCountry "ENG"]
[SourceTitle "EXT 2009"]
[Source "ChessBase"]
[SourceDate "2008.11.26"]
[SourceVersion "1"]
[SourceVersionDate "2008.11.26"]
[SourceQuality "1"]
[WhiteTeam "Braille Chess Association"]
[BlackTeam "Gloucestershire. Gambits"]
[WhiteTeamCountry "ENG"]
[BlackTeamCountry "ENG"]

1. e4 e6 2. d4 d5 3. Nd2 c5 4. exd5 exd5 5. Ngf3 Nf6 6. Bd3 Nc6 7. dxc5 Bxc5 8. Nb3 Bb6 9. 0-0 0-0 10. Bg5 h6 11. Bh4 Bg4 12. Be2 Re8 13. c3 Qd6 14. Nbd4 Nxd4 15. Nxd4 Bxd4 16. Bxg4 Nxg4 17. Qxg4 Bf6 18. Bxf6 Qxf6 19. Rfe1 Qc6 20. Qd4 Rxe1+ 21. Rxe1 Re8 1/2-1/2

[Event "BCF-chT4 0708 (4NCL)"]
[Site "England"]
[Date "2007.10.28"]
[Round "2.3"]
[White "Duvall, Ian"]
[Black "Buchanan, David"]
[Result "1/2-1/2"]
[WhiteElo "2045"]
[BlackElo "2090"]
[PlyCount "34"]
[EventDate "2007.09.15"]
[EventType "team-swiss"]
[EventRounds "11"]
[EventCountry "ENG"]
[SourceTitle "EXT 2009"]
[Source "ChessBase"]
[SourceDate "2008.11.26"]
[SourceVersion "1"]
[SourceVersionDate "2008.11.26"]
[SourceQuality "1"]
[WhiteTeam "AMCA Dragons"]
[BlackTeam "Gloucestershire. Gambits"]
[WhiteTeamCountry "ENG"]
[BlackTeamCountry "ENG"]

1. d4 d5 2. c4 c5 3. e3 Nf6 4. Nc3 cxd4 5. exd4 Nc6 6. Nf3 e6 7. Be2 h6 8. 0-0 Bd6 9. b3 0-0 10. a4 Re8 11. Ba3 Bxa3 12. Rxa3 Ne4 13. Qc1 Qa5 14. Na2 e5 15. cxd5 Qxd5 16. dxe5 Nxe5 17. Nc3 Nxc3 1/2-1/2

[Event "BCF-chT4 0607 (4NCL)"]
[Site "Sunningdale"]
[Date "2006.09.24"]
[Round "2.3"]
[White "Hackett, David G"]
[Black "Buchanan, David"]
[Result "1-0"]
[WhiteElo "2150"]
[BlackElo "2085"]
[PlyCount "71"]
[EventDate "2006.09.16"]
[EventType "team"]
[EventRounds "11"]
[EventCountry "ENG"]
[SourceTitle "CBM 115 Extra"]
[Source "ChessBase"]
[SourceDate "2007.01.10"]
[SourceVersion "1"]
[SourceVersionDate "2007.01.10"]
[SourceQuality "1"]
[WhiteTeam "Oxford II"]
[BlackTeam "Gloucestershire Gambits"]
[WhiteTeamCountry "ENG"]
[BlackTeamCountry "ENG"]

1. e4 e6 2. d4 d5 3. e5 c5 4. c3 Qb6 5. Nf3 Bd7 6. a4 c4 7. g3 Nc6 8. Bh3 Na5 9. Nbd2 Be7 10. 0-0 0-0-0 11. Ne1 h5 12. Ng2 g5 13. Ne3 f5 14. exf6 Nxf6 15. Re1 Bd6 16. Rb1 Rdg8 17. b4 cxb3 18. c4 Bb4 19. cxd5 g4 20. Bg2 Bxa4 21. Bb2 exd5 22. Bxd5 Nxd5 23. Nxd5 Qd6 24. Ne7+ Kb8 25. d5 Ka8 26. Re6 Qd7 27. Nxg8 Rxg8 28. Ne4 Rc8 29. Nf6 Qf7 30. Re4 Nc4 31. Rc1 b5 32. d6 Rd8 33. d7 Be7 34. Rxe7 Qxe7 35. Rxc4 Rxd7 36. Nxd7 1-0